书目信息 |
| 题名: |
Statistical Methods for Geographers
|
|
| 作者: | W.A.V.CLARK | |
| 分册: | ||
| 出版信息: | US 1986 |
|
| 页数: | 518 | |
| 开本: | 24cm | |
| 丛书名: | ||
| 单 册: | ||
| 中图分类: | P209 | |
| 科图分类: | ||
| 主题词: | 测绘学 , 测量学 | |
| 电子资源: | ||
| ISBN: | 000010049310 | |
| 000 | 00517nam0 2200193 450 | |
| 001 | 202411152983446901 | |
| 005 | 20241115151216.58 | |
| 010 | @a000010049310@dUS58.50 | |
| 100 | @a20241115d km y0chiy0120 ea | |
| 101 | 0 | @achi |
| 200 | 1 | @aStatistical Methods for Geographers@fW.A.V.CLARK |
| 210 | @aUS@d1986 | |
| 215 | @a518@d24cm | |
| 606 | 0 | @a测绘学 |
| 606 | 0 | @a测量学 |
| 690 | @aP209@v4 | |
| 701 | 0 | @aW.A.V.CLARK |
| 801 | 0 | @aCN@b大连网信软件有限公司图书馆·11@c20241115 |
| 905 | @aZUCC@b1427169@dP209@e385@f1 | |
| Statistical Methods for Geographers/W.A.V.CLARK.-US,1986 |
| 518;24cm |
| ISBN 000010049310:US58.50 |
| ● |
| 相关链接 |
|
|
|
|
正题名:Statistical Methods for Geographers
索取号:P209/385
 
预约/预借
| 序号 | 登录号 | 条形码 | 馆藏地/架位号 | 状态 | 备注 |
| 1 | 1427169 | 214271697 | 密集书库-资源管理系/ [索取号:P209/385] | 在馆 |